State by Most Expensive Zipcode Quiz Stats

 Plays Quiz not verified by Sporcle

Challenge
Share
Tweet
Embed
Score 0/28 Timer 04:00
0 Plays Today
Zipcode (City/Neighborhood) State % Correct
96821 (Kuliouou - Kalani Iki)Hawaii
88.7%
33156 (Coral Gables)Florida
81.1%
94027 (Atherton)California
73.6%
06831 (Greenwich)Connecticut
73.6%
02108 (Beacon Hill)Massachusetts
66%
84060 (Park City)Utah
66%
11962 (Sagaponack)New York
64.2%
22102 (McLean)Virginia
64.2%
98039 (Medina)Washington
58.5%
85253 (Paradise Valley)Arizona
56.6%
07620 (Alpine)New Jersey
54.7%
30327 (Buckhead)Georgia
52.8%
55424 (Edina)Minnesota
50.9%
02807 (New Shoreham)Rhode Island
50.9%
Zipcode (City/Neighborhood) State % Correct
04110 (Cumberland Foreside)Maine
49.1%
21056 (Gibson Island)Maryland
41.5%
03854 (New Castle)New Hampshire
41.5%
29482 (Sullivan's Island)South Carolina
41.5%
60043 (Kenilworth)Illinois
39.6%
45243 (Indian Hill)Ohio
39.6%
89413 (Glenbrook)Nevada
37.7%
81656 (Woody Creek)Colorado
35.8%
66211 (Leawood)Kansas
35.8%
63131 (Frontenac)Missouri
34%
20008 (Woodley Park)District of Columbia
32.1%
18980 (Wycombe)Pennsylvania
30.2%
77024 (Memorial)Texas
30.2%
83014 (Wilson)Wyoming
30.2%

You're not logged in!

Compare scores with friends on all Sporcle quizzes.
Join for Free
OR
Log In

You Might Also Like...

Show Comments

Extras

Top Quizzes Today


Score Distribution

Your Account Isn't Verified!

In order to create a playlist on Sporcle, you need to verify the email address you used during registration. Go to your Sporcle Settings to finish the process.

Report this User

Report this user for behavior that violates our Community Guidelines.

Details: